| 000 | 00466nam a2200181 a 4500 | ||
|---|---|---|---|
| 005 | 20140412111241.0 | ||
| 008 | 010425s19uu xx 00 eng d | ||
| 020 | _a0-7445-0040-0 | ||
| 050 |
_aTR(PS E _bPl69 1983 |
||
| 100 | _aOxenbury, Helen | ||
| 245 |
_aPlayschool / _cHelen Oxenbury. |
||
| 260 |
_aLondon : _bWalker Books, _c1983. |
||
| 300 | _a1v. (unp.) ; ill. | ||
| 440 | _aFirst picture books | ||
| 650 | _aTitle | ||
| 650 | _aSeries | ||
| 999 |
_c102712 _d102712 |
||